Chile y Gran Bretaña durante la primera guerra mundial y la postguerra, 1914-1921

Сохранить в:
Библиографические подробности
Главный автор: Couyoumdjian, Juan Ricardo (Автор)
Формат:
Язык:испанский
Опубликовано: Santiago, Chile Andrés Bello 1986
Предметы:
Метки: Добавить метку
Нет меток, Требуется 1-ая метка записи!

MARC

LEADER 00000nam a2200000 a 4500
001 UCO1569
003 CL-VaPUC
005 20231102152717.0
008 000519e19860000CL |||||||||||||||||spa|d
999 |c 288178  |d 288176 
040 |c Pontificia Universidad Católica de Valparaíso 
082 0 4 |a 327.83041 COU 1986  |2 21 
100 0 |a Couyoumdjian, Juan Ricardo  |e author  |9 443857 
245 1 0 |a Chile y Gran Bretaña durante la primera guerra mundial y la postguerra, 1914-1921 
260 |a Santiago, Chile  |b Andrés Bello  |c 1986 
300 |a 340 páginas 
583 |a last modification  |c 20000519 00:00:00  |k Rodrigo Vera 
650 0 |a Relaciones Internacionales  |z CHILE  |z GRAN BRETAÑA  |9 255740 
650 0 |a Primera Guerra Mundial   |9 373283 
650 0 |a Posguerra  |9 372262 
650 7 |a HISTORIA DE CHILE  |2 CL-VaPUC  |9 443858  |y 1914-1921 
852 |a BIBCUR 
942 |c BK  |2 ddc 
945 |d 20000519 00:00:00  |a crobeson 
952 |0 0  |1 0  |2 ddc  |4 0  |6 327_830410000000000_COU_1986  |7 0  |8 A  |9 335638  |a BIBHIS  |b BIBHIS  |d 2019-11-20  |i 1276522  |o 327.83041 COU 1986  |p 1276522  |r 2025-01-20  |t 1  |w 2019-11-20  |y BK  |k HIS